| 000 | 00673nam a2200217 a 4500 | ||
|---|---|---|---|
| 005 | 20240925065120.0 | ||
| 008 | 991125s1984 bar 000 0 spa u | ||
| 020 | _a8425414091 | ||
| 035 | _aUPN01000026587 | ||
| 049 | _aCG | ||
| 050 | 4 |
_aHM251 _bT3.38 |
|
| 100 | 1 | _aTajfel, Henri | |
| 245 | 1 | 0 |
_aGrupos humanos y categorías sociales : _bestudios de psicología social / _cHenri Tajfel ; tr. Carmen Huici. |
| 260 |
_aBarcelona, Esp. : _bHerder, _c1984. |
||
| 300 | _a409 p. | ||
| 440 | 0 |
_aBiblioteca de psicosociología ; _v15 |
|
| 650 | 2 |
_aGrupos sociales _97125 |
|
| 650 | 4 |
_aPsicología social _95889 |
|
| 650 | 4 |
_aRelaciones interpersonales _91551 |
|
| 905 | _aLibro | ||
| 999 |
_c26587 _d26587 |
||